| 000 | 00894nas a2200337 4500 | ||
|---|---|---|---|
| 001 | BR8707327 | ||
| 003 | BR-BrBNA | ||
| 005 | 20231205090923.0 | ||
| 007 | ta | ||
| 008 | 230509b bl.|||p| |||| 00| 00por d | ||
| 040 |
_aBR-BrBNA _bpor _cBiblioteca Nacional de Agricultura |
||
| 041 | _a(Pt) | ||
| 072 | _aH10 | ||
| 100 | 1 | _aFranca, F.H. | |
| 100 | 1 | _aCastelo Branco, M. | |
| 245 | 1 | _aResistencia varietal a insetos e acaros em hortalicas | |
| 650 | _aMELAO | ||
| 650 | _aPEPINO | ||
| 650 | _aABOBORA | ||
| 650 | _aMELANCIA | ||
| 650 | _aBATATA DOCE | ||
| 650 | _aREPOLHO | ||
| 650 | _aCOUVE-FLOR | ||
| 650 | _aTOMATE | ||
| 650 | _aINSETO | ||
| 650 | _aACARO | ||
| 650 | _aVARIEDADE RESISTENTE | ||
| 773 | 0 |
_tHorticultura Brasileira (Brazil) _xISSN 0102-0536 _g(May 1987), v. 5(1) p. 8-11 _wBR8707327 |
|
| 909 |
_a202311 _bLúcia _c55 _dLúcia Elande |
||
| 942 |
_2AGRIS _n0 _cANA |
||
| 999 |
_c121645 _d121645 |
||